Statistics for All Districts of Punjab

Click here to take the quiz!

General Stats

  • This quiz has been taken 182 times
  • The average score is 13 of 23

Answer Stats

S.NoAnswer% Correct
1.Amritsar
95%
12.Ludhiana
87%
10.Jalandhar
86%
19.Patiala
81%
3.Bathinda
75%
15.Moga
69%
9.Hoshiarpur
68%
8.Gurdaspur
66%
18.Pathankot
63%
14.Mansa
58%
2.Barnala
54%
21.S.A.S. Nagar
(Mohali)
54%
11.Kapurthala
52%
4.Faridkot
50%
22.Sangrur
50%
23.Tarn Taran
48%
6.Fazilka
40%
20.Rupnagar
38%
5.Fatehgarh
Sahib
37%
16.Muktsar
31%
7.Ferozepur
29%
13.Malerkotla
29%
17.Nawanshahr
29%

Score Distribution

Percentile by Number Answered

Percent of People with Each Score

Your Score History

You have not taken this quiz